Statystyki dla Stolice świata na literę S

Kliknij tutaj aby rozwiązać quiz!

Ogólne statystyki

  • Ten quiz został rozwiązany 7 943 razy
  • Średni wynik to 8 z 18

Statystyki odpowiedzi

PaństwoStolica% Poprawnych
SzwecjaSztokholm
86%
Bośnia i HercegowinaSarajewo
68%
San MarinoSan Marino
66%
BułgariaSofia
63%
ChileSantiago
57%
Macedonia PółnocnaSkopje
56%
Korea PołudniowaSeul
55%
SingapurSingapur
49%
SalwadorSan Salvador
37%
BoliwiaSucre
35%
JemenSana
33%
KostarykaSan Jose
32%
DominikanaSanto Domingo
31%
FidżiSuva
26%
Sri LankaSri
Dźajawardanapura
Kotte
25%
GrenadaSaint George's
20%
Antigua i BarbudaSaint John's
19%
Wyspy Świętego Tomasza i KsiążęcaSão Tomé
18%

Rozkład punktacji

Percentyl według liczby udzielonych odpowiedzi

Procent ludzi z każdym wynikiem

Twoja historia wyników

Nie rozwiązałeś tego quizu